[Event "Lansing op"]
[Site "Lansing"]
[Date "2004.09.06"]
[Round "6"]
[White "Tang, Haoyang"]
[Black "Draper, Mervin"]
[Result "0-1"]
[WhiteElo "675"]
[BlackElo "1052"]
[PlyCount "142"]
[EventDate "2004.09.03"]
[EventType "swiss"]
[EventRounds "7"]
[EventCountry "USA"]
[SourceTitle "EXT 2007"]
[Source "ChessBase"]
[SourceDate "2006.11.23"]
[SourceVersion "1"]
[SourceVersionDate "2006.11.23"]
[SourceQuality "1"]

1. d4 d5 2. Nc3 e6 3. Nf3 Nf6 4. Bg5 Be7 5. Bxf6 Bxf6 6. Ne5 0-0 7. e3 Nd7 8. Nxd7 Bxd7 9. Bb5 c6 10. Bd3 Qc7 11. Qf3 Be7 12. Qh3 f5 13. Qg3 Qxg3 14. fxg3 Rf6 15. 0-0 Bd6 16. Rf2 e5 17. dxe5 Bxe5 18. Ne2 c5 19. c3 a6 20. Nf4 Bxf4 21. gxf4 Bb5 22. Bxb5 axb5 23. b4 c4 24. Rd2 Rd6 25. h3 Ra3 26. Rc1 Kf7 27. g4 Ke6 28. gxf5+ Kxf5 29. Kg2 Ke6 30. Kg3 Rda6 31. Rcc2 Rd6 32. Kg4 Kf6 33. f5 Ra8 34. h4 Re8 35. Re2 Re4+ 36. Kf3 Kxf5 37. Kg3 Rg6+ 38. Kf3 Rxh4 39. Rcd2 Rh3+ 40. Kf2 Ke5 41. Kf1 Rh1+ 42. Kf2 Rh2+ 43. Kf1 Rxe2 44. Rxe2 Ke4 45. Ke1 Rg3 46. Kf2 Kd3 47. Re1 Rg5 48. Kf3 Kxc3 49. Kf4 h6 50. a3 Kb3 51. Ra1 c3 52. e4 dxe4 53. Kxe4 Kb2 54. Rd1 c2 55. Rd2 Kb1 56. Rd3 c1Q 57. Rb3+ Qb2 58. Rxb2+ Kxb2 59. Kd4 Kxa3 60. Kc3 Rg4 61. Kc2 Rxb4 62. Kd3 Rg4 63. Kc3 b4+ 64. Kc2 b3+ 65. Kc3 b2 66. Kc2 Ka2 67. Kd3 b1Q+ 68. Ke3 Qb3+ 69. Kf2 Rc4 70. Ke2 Rc2+ 71. Kd1 Qb1# 0-1